LEADER 00890nam0 2200265 450 001 000033149 005 20130515125417.0 100 $a20120605d1960----km-y0itaa50------ba 101 0 $aita 102 $aIT 200 1 $aLettere a Vilna$fFrancesco Tentori 210 $aFirenze$cVallecchi$d1960 215 $a59 p.$d19 cm 225 2 $aLetteratura contemporanea$iPoesia 410 0$12001$aLetteratura contemporanea$iPoesia 700 1$aTentori,$bFrancesco$0442241 801 0$aIT$bUniversità della Basilicata - B.I.A.$gRICA$2unimarc 912 $a000033149 996 $aLettere a Vilna$999046 997 $aUNIBAS BAS $aLETTERE CAT $aSTD078$b01$c20120605$lBAS01$h1348 CAT $aTTM$b30$c20130515$lBAS01$h1254 FMT Z30 -1$lBAS01$LBAS01$mBOOK$1BASA1$APolo Storico-Umanistico$2GEN$BCollezione generale$3FP/54043$654043$5L54043$820120605$f02$FPrestabile Generale LEADER 01118nam0 22002891i 450 001 RML0239635 005 20231121125706.0 100 $a20121121d1993 ||||0itac50 ba 101 | $aita 102 $ait 181 1$6z01$ai $bxxxe 182 1$6z01$an 200 1 $aValuing Small Businesses and Professional Practices$fShannon P. Pratt with Robert F. Reilly and Robert P. Schweihs 205 $aSecond edition 210 $aHomewood (Illinois) $cBusiness One Irwin $dc1993 215 $axxiv, 692 p.$cgraf., tab.$d29 cm 700 1$aPRATT$b, Shannon P.$3RMLV153208$0116635 701 1$aSCHWEIHS$b, Robert P.$3RMLV153206$0116637 701 1$aREILLY$b, Robert F.$3RMLV153207$0116636 801 3$aIT$bIT-01$c20121121 850 $aIT-FR0098 899 $aBiblioteca Area Giuridico Economica$bFR0098 912 $aRML0239635 950 0$aBiblioteca Area Giuridico Economica$d 53IMP 2148$e 53VM 0000086235 VM barcode:0007576VM$fA $h19970619$i20121204 977 $a 53 996 $aValuing Small Businesses and Professional Practices$93620693 997 $aUNICAS